Statistics for Ultimate Locations of the Silmarillion

Click here to take the quiz!

General Stats

  • This quiz has been taken 185 times
    (179 since last reset)
  • The average score is 27 of 50

Answer Stats

HintAnswer% Correct
Land where most of the events of the Silmarillion took placeBeleriand
93%
Region of Aman where the Valar fled after the destruction of the two lampsValinor
89%
Sindar woodland realm ruled by King Thingol and Queen MelianDoriath
84%
Great hidden city which Turgon founded and moved toGondolin
84%
Morgoth's second fortress which he fled to after destroying the Two TreesAngband
81%
Underground elven fortress ruled by Finrod Felagund and his kin; sacked by GlaurungNargothrond
80%
Great port city of the Teleri where the First Kinslaying took placeAlqualonde
78%
The "Earth"Arda
78%
Icy land bridge between Aman and Middle EarthHelcaraxe
78%
City of the above where King Thingol and Queen Melian dweltMenegroth
77%
Morgoth's original fortress; destroyed during the War for Sake of the ElvesUtumno
76%
The material universeEa
75%
"Land of the Seven Rivers"; forested Eastern realm where the Green-elves dweltOssiriand
72%
Where the elves first awoke on the shores of the aboveCuivienen
71%
Greatest city of the Noldor in AmanTirion upon Tuna
69%
Highest peak in the worldTaniquetil
66%
"Tower of the Guard" built on Tol Sirion by Finrod Felagund; later captured by SauronMinas Tirith
65%
Dwarven city of the Blue Mountains that aided the elves during the Nirnaeth ArnoediadBelegost
62%
Fortress where Feanor was exiled toFormenos
59%
Island that helped ferry the elves to AmanTol Eressea
59%
Vast north-western region surrounded by mountain ranges that encompasses the below twoHithlum
58%
Coastal region ruled by Cirdan the ShipwrightFalas
57%
Hill on which the fortress of Maedhros was builtHimring
57%
Sister city of the above that was far less friendly towards the elvesNogrod
57%
City of the above where many of the Valar and Maiar dweltValmar
55%
South-western region granted by Fingolfin to the men of the House of HadorDor-Lomin
54%
Region west of the above originally ruled by TurgonNevrast
54%
Part of No. 4 that was granted to the men of the House of Haleth by King ThingolBrethil
52%
Highland Realm east of the above ruled by Aegnor and AngrodDorthonion
51%
Two havens of the aboveBrithombar
48%
Two havens of the aboveEglarest
48%
City in the above where Turgon originally dweltVinyamar
46%
Forest where the dark elf Eol dweltNan Elmoth
44%
Hill south of No. 4 in which the petty dwarf Mim dweltAmon Rudh
41%
Isle on the River Adurant where Beren and Luthien lived the rest of their mortal livesTol Galen
40%
Where men first awokeHildorien
34%
Region south of the above ruled by Celegorm and CurufinHimlad
31%
Place where Feanor landed in Middle Earth and burnt the stolen shipsLosgar
31%
South-eastern region where Fingolfin ruledMithrim
31%
"Dreadful" valley south of No. 18 where Ungoliant dwelt for a time after escaping MorgothNan Dungortheb
31%
Eastern region bordering the Blue Mountains ruled by CaranthirThargelion
31%
Island where the Valar dwelt in the Years of the LampsAlmaren
30%
Southern region of Aman where Ungoliant dweltAvathar
30%
Green mound where the Two Trees grewEzellohar
30%
Where the Ainulindale was composed and Eru Iluvatar livedTimeless Halls
30%
Refuge settlement founded by Cirdan the Shipwright where Earendil and Elwing fledHavens of Sirion
29%
Mansion on the above where Manwe and Varda dweltIlmarin
25%
Field where the forces of Morgoth defeated those of the above along with Turin TurambarTumhalad
25%
Region where men migrating from the East first settledEstolad
23%
North-eastern part of the above granted to the men of the House of Beor by FingolfinLadros
19%

Score Distribution

Percentile by Number Answered

Percent of People with Each Score

Your Score History

You have not taken this quiz since the last reset